| 000 | 005470000a22001810004500 | ||
|---|---|---|---|
| 003 | MACL | ||
| 005 | 20160513161314.0 | ||
| 008 | 160513b xxu||||| |||| 00| 0 eng d | ||
| 040 |
_aMACL _cMACL |
||
| 041 | _aHindi | ||
| 082 | _a891.431 | ||
| 100 |
_aराघव, रांगेय _937128 |
||
| 245 |
_aसीधा सादा रास्ता _cरांगेय राघव |
||
| 260 |
_bराधाकृष्ण _c2002 _aदिल्ली |
||
| 350 | _a350 | ||
| 650 |
_aNovel _956882 |
||
| 942 |
_cHIN _k800/RAG/N _2ddc |
||
| 999 |
_c18565 _d18565 |
||